01009nam a2200253 i 450000100060000000300090000600500170001500700030003200800410003510000300007624501490010625000120025526000350026730000290030249000480033165000370037965000300041670000460044670000340049283000680052685200220059499900170061695201220063337284ES-MaACL20250826051216.0t|030220s1973 sp ||||1| spa d1 aBuchanan, James M.93228513aLa hacienda pública en un proceso democrático / cJames M. Buchanan ; traducción por José R. Álvarez Rendueles y Manuel Olleros Izard. a1ª ed. a[Madrid] : bAguilar, c[1973] aXXXVI, 347 p. ; c22 cm.1 aBiblioteca de ciencias sociales. Economía 7aHacienda pública2embne91327900aPolítica fiscal.9162961 aAlvarez Rendueles, José Ramón.9209291 aOlleros Izard, Manuel.98693110aBiblioteca de ciencias sociales (Aguilar). pEconomía9181705 aES-MaACLjC-56080 c37284d37284 00104070aATENEOMbATENEOMcDEPO2d2008-01-17eSCl0oC-56080p1039234r2023-02-23 00:00:00w2023-02-23yMONOGRAFIA